000 nam a22 a 4500
999 _c3222
_d3222
003 AKMAL
005 20170522090405.0
008 170522t1984 nyu 00 eng d
020 _a0023128402
040 _aAKMAL
_cAKMAL
082 0 4 _a658.4012 BOU
090 _a658.4012
100 1 _aBoulton, William R.
_96615
245 1 0 _aBusiness policy :
_bthe art of strategic management /
_cWilliam R.Boulton
260 _aNew York :
_bMacmillan Pub.,
_c1984
300 0 0 _axv, 859p. :
_bill. ;
_c26cm
504 _aIncludes bibliographical references and index
650 0 _aCorporate planning
_96529
942 _2ddc
_cBOOK